[Event "DVM U10 2015"]
[Site "Magdeburg GER"]
[Date "2015.12.29"]
[Round "6"]
[White "Weihrauch, Jakob"]
[Black "Reuter, Elisa"]
[Result "1-0"]
[Termination "normal"]
[Board "1.1"]
[WhiteElo "1732"]
[BlackElo "1547"]
[WhiteClock "00:04:38"]
[BlackClock "00:01:33"]
[WhiteTeam "Hamburger SK von 1830 1"]
[BlackTeam "SV Empor Erfurt 1"]
[PlyCount "113"]
[WhiteFideId "16210115"]
[BlackFideId "12995444"]
[EventCountry "GER"]
[EventRounds "7"]
[EventType "team-swiss"]
[EventDate "2015.12.27"]

1. e4 {[%clk 0:59:57]} c5 {[%clk 0:59:57]} 2. Nf3 {[%clk 0:59:53]} Nc6 {[%clk
0:59:53]} 3. d4 {[%clk 0:59:45]} cxd4 {[%clk 0:59:50]} 4. Nxd4 {[%clk 0:59:39]}
g6 {[%clk 0:59:44]} 5. Nc3 {[%clk 0:59:29]} Bg7 {[%clk 0:59:35]} 6. Be3 {[%clk
0:59:12]} Nf6 {[%clk 0:59:30]} 7. Qd2 {[%clk 0:58:35]} O-O {[%clk 0:59:09]} 8.
Bc4 {[%clk 0:57:25]} Ng4 {[%clk 0:55:42]} 9. Nxc6 {[%clk 0:57:10]} bxc6 {[%clk
0:55:35]} 10. Bd4 {[%clk 0:56:32]} d6 {[%clk 0:50:13]} 11. Bxg7 {[%clk
0:55:41]} Kxg7 {[%clk 0:49:59]} 12. h3 {[%clk 0:51:36]} Nf6 {[%clk 0:47:45]}
13. O-O-O {[%clk 0:50:23]} Bd7 {[%clk 0:43:55]} 14. f4 {[%clk 0:48:31]} Qc7
{[%clk 0:37:38]} 15. g4 {[%clk 0:43:06]} Rab8 {[%clk 0:35:15]} 16. e5 {[%clk
0:39:57]} dxe5 {[%clk 0:32:23]} 17. g5 {[%clk 0:38:36]} Nd5 {[%clk 0:26:06]}
18. Bxd5 {[%clk 0:37:03]} cxd5 {[%clk 0:25:29]} 19. Qxd5 {[%clk 0:35:19]} Be6
{[%clk 0:24:32]} 20. Qxe5+ {[%clk 0:34:41]} Qxe5 {[%clk 0:22:06]} 21. fxe5
{[%clk 0:34:35]} Rb7 {[%clk 0:19:58]} 22. Rd2 {[%clk 0:27:47]} Rfb8 {[%clk
0:19:25]} 23. Nd1 {[%clk 0:25:44]} Rb5 {[%clk 0:19:05]} 24. Re2 {[%clk
0:25:04]} a5 {[%clk 0:16:56]} 25. b3 {[%clk 0:22:13]} Rc5 {[%clk 0:15:14]} 26.
c4 {[%clk 0:19:04]} a4 {[%clk 0:13:11]} 27. Kc2 {[%clk 0:17:55]} axb3+ {[%clk
0:12:15]} 28. axb3 {[%clk 0:17:46]} Bf5+ {[%clk 0:11:58]} 29. Kc3 {[%clk
0:16:59]} Rc7 {[%clk 0:11:09]} 30. b4 {[%clk 0:15:34]} Be6 {[%clk 0:10:46]} 31.
Ne3 {[%clk 0:13:42]} Ra8 {[%clk 0:09:55]} 32. Rb2 {[%clk 0:12:36]} Rac8 {[%clk
0:09:01]} 33. c5 {[%clk 0:11:48]} Ra8 {[%clk 0:08:35]} 34. Nc2 {[%clk 0:10:47]}
Rb8 {[%clk 0:07:47]} 35. h4 {[%clk 0:10:12]} h6 {[%clk 0:07:24]} 36. Nd4 {[%clk
0:09:33]} Bd5 {[%clk 0:07:09]} 37. Rhh2 {[%clk 0:09:13]} e6 {[%clk 0:06:38]}
38. Nc2 {[%clk 0:08:15]} h5 {[%clk 0:06:17]} 39. Ne3 {[%clk 0:08:08]} Be4
{[%clk 0:06:04]} 40. Nc4 {[%clk 0:08:01]} Bd5 {[%clk 0:05:53]} 41. Nd6 {[%clk
0:07:51]} Kf8 {[%clk 0:05:26]} 42. Kd4 {[%clk 0:07:44]} Ke7 {[%clk 0:04:45]}
43. Rhf2 {[%clk 0:07:36]} Kf8 {[%clk 0:04:35]} 44. Rf4 {[%clk 0:07:23]} Kg8
{[%clk 0:04:16]} 45. b5 {[%clk 0:06:46]} Ra8 {[%clk 0:03:24]} 46. c6 {[%clk
0:06:14]} Ra4+ {[%clk 0:03:12]} 47. Ke3 {[%clk 0:06:11]} Ra3+ {[%clk 0:03:02]}
48. Kd2 {[%clk 0:06:03]} Ra8 {[%clk 0:02:39]} 49. b6 {[%clk 0:05:29]} Rxc6
{[%clk 0:02:28]} 50. b7 {[%clk 0:05:21]} Rb8 {[%clk 0:02:25]} 51. Ra4 {[%clk
0:05:09]} Rc7 {[%clk 0:01:58]} 52. Ra8 {[%clk 0:05:01]} Rxa8 {[%clk 0:01:46]}
53. bxa8=Q+ {[%clk 0:04:44]} Bxa8 {[%clk 0:01:45]} 54. Rb8+ {[%clk 0:04:42]}
Kg7 {[%clk 0:01:41]} 55. Ne8+ {[%clk 0:04:41]} Kh7 {[%clk 0:01:35]} 56. Nf6+
{[%clk 0:04:39]} Kg7 {[%clk 0:01:33]} 57. Rg8# {[%clk 0:04:38]} 1-0

[Event "DVM U10 2015"]
[Site "Magdeburg GER"]
[Date "2015.12.29"]
[Round "6"]
[White "von Krosigk, Florian"]
[Black "Reuter, Marek"]
[Result "1-0"]
[Termination "normal"]
[Board "1.3"]
[WhiteElo "1254"]
[BlackElo "1209"]
[WhiteClock "00:36:50"]
[BlackClock "00:19:05"]
[WhiteTeam "Hamburger SK von 1830 1"]
[BlackTeam "SV Empor Erfurt 1"]
[PlyCount "101"]
[WhiteFideId "16227808"]
[BlackFideId "16226712"]
[EventCountry "GER"]
[EventRounds "7"]
[EventType "team-swiss"]
[EventDate "2015.12.27"]

1. e4 {[%clk 0:59:59]} c6 {[%clk 0:59:56]} 2. d4 {[%clk 0:59:56]} d5 {[%clk
0:59:53]} 3. Nc3 {[%clk 0:59:50]} dxe4 {[%clk 0:59:50]} 4. Nxe4 {[%clk
0:59:44]} Bf5 {[%clk 0:59:46]} 5. Ng3 {[%clk 0:59:34]} Bg6 {[%clk 0:59:42]} 6.
h4 {[%clk 0:59:29]} h6 {[%clk 0:59:39]} 7. Nf3 {[%clk 0:59:12]} Nd7 {[%clk
0:59:25]} 8. Bd3 {[%clk 0:59:07]} Bxd3 {[%clk 0:59:21]} 9. Qxd3 {[%clk
0:59:02]} Ngf6 {[%clk 0:59:06]} 10. Bd2 {[%clk 0:58:53]} e6 {[%clk 0:59:01]}
11. O-O-O {[%clk 0:58:31]} Qc7 {[%clk 0:58:57]} 12. Ne4 {[%clk 0:58:18]} O-O-O
{[%clk 0:57:54]} 13. g3 {[%clk 0:58:01]} Nxe4 {[%clk 0:57:49]} 14. Qxe4 {[%clk
0:57:54]} Nf6 {[%clk 0:57:23]} 15. Qe2 {[%clk 0:57:47]} Nh5 {[%clk 0:56:41]}
16. c4 {[%clk 0:57:12]} f5 {[%clk 0:55:35]} 17. Bc3 {[%clk 0:55:57]} Qf7 {[%clk
0:52:32]} 18. Ne5 {[%clk 0:55:10]} Qe8 {[%clk 0:51:51]} 19. Rd2 {[%clk
0:53:39]} Nf6 {[%clk 0:50:05]} 20. Rhd1 {[%clk 0:52:56]} Qh5 {[%clk 0:49:01]}
21. Qxh5 {[%clk 0:52:45]} Nxh5 {[%clk 0:48:54]} 22. Nf7 {[%clk 0:52:41]} Be7
{[%clk 0:48:44]} 23. Nxh8 {[%clk 0:52:18]} Rxh8 {[%clk 0:48:38]} 24. d5 {[%clk
0:51:54]} exd5 {[%clk 0:44:31]} 25. cxd5 {[%clk 0:51:39]} cxd5 26. Rc2 Kd7
{[%clk 0:42:35]} 27. Rxd5+ {[%clk 0:51:01]} Ke6 {[%clk 0:42:16]} 28. Re5+
{[%clk 0:50:47]} Kd6 {[%clk 0:40:01]} 29. Rxf5 {[%clk 0:50:30]} Nf6 {[%clk
0:36:34]} 30. Rf3 {[%clk 0:49:43]} Rf8 {[%clk 0:35:24]} 31. Bb4+ {[%clk
0:49:23]} Kd7 {[%clk 0:34:32]} 32. Rd3+ {[%clk 0:49:06]} Ke8 {[%clk 0:33:49]}
33. Rc8+ {[%clk 0:48:38]} Kf7 {[%clk 0:33:35]} 34. Rxf8+ {[%clk 0:48:29]} Kxf8
{[%clk 0:33:06]} 35. Bxe7+ {[%clk 0:47:51]} Kxe7 {[%clk 0:32:57]} 36. Kc2
{[%clk 0:47:45]} Ke6 {[%clk 0:32:21]} 37. Rb3 {[%clk 0:47:35]} b6 {[%clk
0:32:03]} 38. Ra3 {[%clk 0:47:29]} a5 {[%clk 0:31:51]} 39. Re3+ {[%clk
0:46:56]} Kd6 {[%clk 0:31:33]} 40. f3 {[%clk 0:45:49]} Nd5 {[%clk 0:31:22]} 41.
Re8 {[%clk 0:44:51]} Nf6 {[%clk 0:29:28]} 42. Rb8 {[%clk 0:43:55]} Kc7 {[%clk
0:27:44]} 43. Rh8 {[%clk 0:43:00]} Kd7 {[%clk 0:26:36]} 44. g4 {[%clk 0:42:50]}
Ke6 {[%clk 0:25:30]} 45. Kd3 {[%clk 0:41:15]} Kd5 {[%clk 0:24:40]} 46. g5
{[%clk 0:40:10]} hxg5 {[%clk 0:24:25]} 47. hxg5 {[%clk 0:40:05]} Nd7 {[%clk
0:23:38]} 48. b3 {[%clk 0:38:35]} Kc6 {[%clk 0:21:37]} 49. Rg8 {[%clk 0:38:00]}
g6 {[%clk 0:21:26]} 50. f4 {[%clk 0:37:56]} Nc5+ {[%clk 0:19:05]} 51. Kc3
{[%clk 0:36:50]} 1-0

[Event "DVM U10 2015"]
[Site "Magdeburg GER"]
[Date "2015.12.29"]
[Round "6"]
[White "Rajchel, Arian"]
[Black "Bölke, Roman"]
[Result "0-1"]
[Termination "normal"]
[Board "1.4"]
[WhiteElo "1025"]
[BlackElo "1051"]
[WhiteTeam "SV Empor Erfurt 1"]
[BlackTeam "Hamburger SK von 1830 1"]
[PlyCount "64"]
[EventCountry "GER"]
[EventRounds "7"]
[EventType "team-swiss"]
[EventDate "2015.12.27"]

1. d4 Nf6 2. Nf3 g6 3. e3 Bg7 4. Bd3 O-O 5. O-O d6 6. h3 Nbd7 7. Nbd2 e5 8. c3
Qe7 9. e4 exd4 10. cxd4 Nb6 11. Re1 Bd7 12. Nb3 Rfe8 13. Bg5 h6 14. e5 hxg5 15.
exf6 Qxf6 16. Qd2 g4 17. hxg4 Bxg4 18. Nh2 Be6 19. Be4 Bxb3 20. Ng4 Qxd4 21.
Qxd4 Bxd4 22. axb3 Bxb2 23. Rab1 Bc3 24. Re3 Bd4 25. Re2 d5 26. Rd1 Bg7 27. Bf3
Rxe2 28. Bxe2 Re8 29. Bf3 c6 30. Ne3 d4 31. Nc2 Rd8 32. Nb4 a5 0-1

[Event "DVM U10 2015"]
[Site "Magdeburg GER"]
[Date "2015.12.29"]
[Round "6"]
[White "Zeuner, Ole"]
[Black "Prieb, Robert"]
[Result "1/2-1/2"]
[Termination "normal"]
[Board "2.1"]
[WhiteElo "1559"]
[BlackElo "1494"]
[WhiteClock "00:06:52"]
[BlackClock "00:17:56"]
[WhiteTeam "Schachzwerge Magdeburg 1"]
[BlackTeam "SchachAkademiePaderborn 1"]
[PlyCount "45"]
[WhiteFideId "12943576"]
[BlackFideId "16212002"]
[EventCountry "GER"]
[EventRounds "7"]
[EventType "team-swiss"]
[EventDate "2015.12.27"]

1. e4 {[%clk 0:59:59]} d6 {[%clk 0:59:50]} 2. d4 {[%clk 0:59:54]} Nf6 {[%clk
0:59:39]} 3. Nc3 {[%clk 0:59:03]} c6 {[%clk 0:59:26]} 4. Be3 {[%clk 0:58:16]}
Bg4 {[%clk 0:58:42]} 5. f3 {[%clk 0:55:25]} Bh5 {[%clk 0:58:11]} 6. h4 {[%clk
0:52:32]} h6 {[%clk 0:56:17]} 7. Qd2 {[%clk 0:49:16]} Nbd7 {[%clk 0:53:08]} 8.
O-O-O {[%clk 0:47:37]} Qc7 {[%clk 0:50:25]} 9. g4 {[%clk 0:45:13]} Bg6 {[%clk
0:49:54]} 10. h5 {[%clk 0:44:06]} Bh7 {[%clk 0:49:17]} 11. Nge2 {[%clk
0:32:34]} O-O-O {[%clk 0:43:32]} 12. Ng3 {[%clk 0:30:10]} Kb8 {[%clk 0:36:03]}
13. Be2 {[%clk 0:28:21]} e5 {[%clk 0:33:56]} 14. Qe1 {[%clk 0:23:08]} Be7
{[%clk 0:29:48]} 15. Rd2 {[%clk 0:19:46]} Nb6 {[%clk 0:25:46]} 16. Qf2 {[%clk
0:17:58]} Nc8 {[%clk 0:23:26]} 17. Rhd1 {[%clk 0:17:20]} Rhe8 {[%clk 0:22:36]}
18. d5 {[%clk 0:14:55]} c5 {[%clk 0:21:57]} 19. Nb5 {[%clk 0:10:47]} Qd7 {[%clk
0:19:56]} 20. Na3 {[%clk 0:09:22]} Qc7 {[%clk 0:18:54]} 21. Nb5 {[%clk
0:07:52]} Qd7 {[%clk 0:18:11]} 22. Na3 {[%clk 0:07:46]} Qc7 {[%clk 0:17:56]}
23. Nb5 {[%clk 0:06:52]} 1/2-1/2

[Event "DVM U10 2015"]
[Site "Magdeburg GER"]
[Date "2015.12.29"]
[Round "6"]
[White "Bornemann, Malte"]
[Black "Morgenstern, Tobias"]
[Result "1/2-1/2"]
[Termination "normal"]
[Board "2.2"]
[WhiteElo "1211"]
[BlackElo "1342"]
[WhiteClock "00:34:36"]
[BlackClock "00:03:31"]
[WhiteTeam "SchachAkademiePaderborn 1"]
[BlackTeam "Schachzwerge Magdeburg 1"]
[PlyCount "116"]
[WhiteFideId "16284470"]
[BlackFideId "12974390"]
[EventCountry "GER"]
[EventRounds "7"]
[EventType "team-swiss"]
[EventDate "2015.12.27"]

1. d4 {[%clk 0:59:59]} d5 {[%clk 0:59:54]} 2. Bf4 {[%clk 0:59:56]} Nf6 {[%clk
0:59:27]} 3. Nf3 {[%clk 0:59:51]} e6 {[%clk 0:59:11]} 4. e3 {[%clk 0:59:44]} c5
{[%clk 0:58:38]} 5. c3 {[%clk 0:59:27]} Nc6 {[%clk 0:58:23]} 6. Bb5 {[%clk
0:59:14]} Bd6 {[%clk 0:54:48]} 7. Ne5 {[%clk 0:58:45]} Bxe5 {[%clk 0:52:13]} 8.
Bxe5 {[%clk 0:58:19]} cxd4 {[%clk 0:50:48]} 9. cxd4 {[%clk 0:57:37]} O-O {[%clk
0:49:57]} 10. Bxc6 {[%clk 0:56:49]} bxc6 {[%clk 0:49:41]} 11. Nc3 {[%clk
0:56:15]} Ba6 {[%clk 0:46:10]} 12. Qa4 {[%clk 0:55:24]} Qb6 {[%clk 0:42:11]}
13. b3 Nd7 14. Bd6 {[%clk 0:52:48]} Rfd8 {[%clk 0:40:01]} 15. Rc1 {[%clk
0:52:38]} Re8 {[%clk 0:34:25]} 16. Ne2 {[%clk 0:52:16]} Bb5 {[%clk 0:33:14]}
17. Qb4 {[%clk 0:51:44]} Bxe2 {[%clk 0:31:01]} 18. Qxb6 {[%clk 0:51:22]} axb6
{[%clk 0:30:35]} 19. Kxe2 {[%clk 0:51:04]} Rxa2+ {[%clk 0:29:52]} 20. Kf3
{[%clk 0:50:46]} Rc8 {[%clk 0:27:53]} 21. Rc3 {[%clk 0:50:17]} b5 {[%clk
0:25:07]} 22. Rhc1 {[%clk 0:50:03]} Ra6 {[%clk 0:24:46]} 23. Kf4 {[%clk
0:49:22]} Nf6 {[%clk 0:23:23]} 24. f3 {[%clk 0:48:48]} Ne8 {[%clk 0:20:10]} 25.
Bb4 {[%clk 0:48:17]} f6 {[%clk 0:18:58]} 26. e4 {[%clk 0:48:08]} g5+ {[%clk
0:17:53]} 27. Ke3 {[%clk 0:47:58]} Ng7 {[%clk 0:17:23]} 28. Rc5 {[%clk
0:47:26]} f5 {[%clk 0:15:53]} 29. exd5 {[%clk 0:47:16]} exd5 {[%clk 0:15:29]}
30. Rxd5 {[%clk 0:46:57]} Re8+ {[%clk 0:14:28]} 31. Re5 {[%clk 0:46:44]} Rxe5+
{[%clk 0:14:15]} 32. dxe5 {[%clk 0:46:36]} Ne6 {[%clk 0:13:38]} 33. g3 {[%clk
0:46:00]} Kf7 {[%clk 0:12:54]} 34. Rf1 {[%clk 0:45:17]} c5 {[%clk 0:12:30]} 35.
Bc3 {[%clk 0:44:13]} b4 {[%clk 0:12:14]} 36. Bd2 {[%clk 0:43:57]} Ra3 {[%clk
0:11:53]} 37. Rb1 {[%clk 0:42:30]} Nd4 {[%clk 0:11:38]} 38. Bxb4 {[%clk
0:41:46]} Rxb3+ {[%clk 0:10:51]} 39. Rxb3 {[%clk 0:41:39]} Nxb3 {[%clk
0:10:45]} 40. Bc3 {[%clk 0:41:29]} Ke6 {[%clk 0:10:05]} 41. f4 {[%clk 0:41:08]}
gxf4+ {[%clk 0:09:54]} 42. Kxf4 {[%clk 0:40:39]} h6 {[%clk 0:09:17]} 43. h3
{[%clk 0:40:22]} Nd4 {[%clk 0:08:45]} 44. Bd2 {[%clk 0:39:19]} Nb5 {[%clk
0:07:53]} 45. Kf3 {[%clk 0:38:51]} Kxe5 {[%clk 0:07:12]} 46. Bxh6 {[%clk
0:38:41]} c4 {[%clk 0:06:54]} 47. h4 {[%clk 0:38:34]} c3 {[%clk 0:06:19]} 48.
h5 {[%clk 0:38:29]} Kf6 {[%clk 0:05:53]} 49. g4 {[%clk 0:37:39]} fxg4+ {[%clk
0:05:34]} 50. Kxg4 {[%clk 0:37:34]} c2 {[%clk 0:04:49]} 51. Bg5+ {[%clk
0:37:17]} Kf7 {[%clk 0:04:47]} 52. Kf5 {[%clk 0:36:57]} Nd6+ {[%clk 0:04:20]}
53. Ke5 {[%clk 0:36:11]} Nc4+ {[%clk 0:04:18]} 54. Kd4 {[%clk 0:35:54]} Nd6
{[%clk 0:03:53]} 55. Kd3 {[%clk 0:35:35]} Nf5 {[%clk 0:03:41]} 56. Kxc2 {[%clk
0:35:20]} Ng7 {[%clk 0:03:39]} 57. h6 {[%clk 0:35:03]} Nf5 {[%clk 0:03:33]} 58.
Kd3 {[%clk 0:34:36]} Nxh6 {[%clk 0:03:31]} 1/2-1/2

[Event "DVM U10 2015"]
[Site "Magdeburg GER"]
[Date "2015.12.29"]
[Round "6"]
[White "Brinkschröder, Josh"]
[Black "Heutling, Elina"]
[Result "0-1"]
[Termination "normal"]
[Board "2.4"]
[WhiteElo "745"]
[BlackElo "1232"]
[WhiteClock "00:20:14"]
[BlackClock "00:11:53"]
[WhiteTeam "SchachAkademiePaderborn 1"]
[BlackTeam "Schachzwerge Magdeburg 1"]
[PlyCount "46"]
[WhiteFideId "16274903"]
[BlackFideId "16244729"]
[EventCountry "GER"]
[EventRounds "7"]
[EventType "team-swiss"]
[EventDate "2015.12.27"]

1. d4 d5 2. Nf3 {[%clk 0:59:52]} Nf6 {[%clk 0:59:59]} 3. Bf4 {[%clk 0:59:42]}
e6 {[%clk 0:59:51]} 4. e3 {[%clk 0:59:16]} c5 {[%clk 0:59:09]} 5. c3 {[%clk
0:58:35]} Nc6 {[%clk 0:58:41]} 6. Bb5 {[%clk 0:57:39]} Bd6 {[%clk 0:54:45]} 7.
Bxc6+ {[%clk 0:55:33]} bxc6 {[%clk 0:54:27]} 8. Bxd6 {[%clk 0:52:00]} Qxd6
{[%clk 0:54:21]} 9. Nbd2 {[%clk 0:50:35]} O-O {[%clk 0:53:31]} 10. Qc2 {[%clk
0:48:38]} Nd7 {[%clk 0:44:00]} 11. Ng5 {[%clk 0:47:41]} Nf6 {[%clk 0:41:16]}
12. e4 {[%clk 0:45:25]} e5 {[%clk 0:36:06]} 13. Ndf3 {[%clk 0:43:57]} cxd4
{[%clk 0:27:57]} 14. cxd4 {[%clk 0:42:22]} Nd7 {[%clk 0:24:06]} 15. exd5 {[%clk
0:41:21]} g6 {[%clk 0:22:46]} 16. Qe4 {[%clk 0:38:36]} Qxd5 {[%clk 0:19:57]}
17. Qh4 {[%clk 0:36:58]} h5 {[%clk 0:18:19]} 18. g4 {[%clk 0:36:31]} f6 {[%clk
0:17:11]} 19. Rf1 {[%clk 0:26:11]} fxg5 {[%clk 0:16:20]} 20. Nxg5 {[%clk
0:25:37]} Qxd4 {[%clk 0:14:15]} 21. Rb1 {[%clk 0:22:06]} Ba6 {[%clk 0:13:13]}
22. Rd1 {[%clk 0:21:06]} Qc4 {[%clk 0:11:56]} 23. Qh3 {[%clk 0:20:14]} Qe2#
{[%clk 0:11:53]} 0-1

[Event "DVM U10 2015"]
[Site "Magdeburg GER"]
[Date "2015.12.29"]
[Round "6"]
[White "Gallasch, Jonas"]
[Black "Hetzner, Hannes"]
[Result "1/2-1/2"]
[Termination "normal"]
[Board "3.1"]
[WhiteElo "1401"]
[BlackElo "1319"]
[WhiteTeam "SG Porz"]
[BlackTeam "SC Erlangen 48/88"]
[PlyCount "104"]
[WhiteFideId "16222474"]
[BlackFideId "16211936"]
[EventCountry "GER"]
[EventRounds "7"]
[EventType "team-swiss"]
[EventDate "2015.12.27"]

1. d4 c5 2. d5 d6 3. e4 g6 4. c4 Bg7 5. Nc3 Nf6 6. f4 Bg4 7. Be2 Bxe2 8. Qxe2
Nfd7 9. Nf3 e5 10. O-O O-O 11. Bd2 Na6 12. a3 Nc7 13. fxe5 Nxe5 14. Nxe5 Bxe5
15. Bf4 Bxf4 16. Rxf4 Qd7 17. Raf1 Rae8 18. Qg4 Qxg4 19. Rxg4 a6 20. Rf6 Rd8
21. b3 Ne8 22. Rf3 Ng7 23. Re3 Nh5 24. e5 Rfe8 25. Rge4 f5 26. exf6 Nxf6 27.
Rxe8+ Rxe8 28. Rxe8+ Nxe8 29. Kf2 Nf6 30. Kf3 Kf7 31. g4 h6 32. a4 Nd7 33. a5
Ne5+ 34. Kf4 Kf6 35. Ne4+ Ke7 36. h4 Nd3+ 37. Ke3 Nc1 38. Nd2 Kf6 39. Ne4+ Ke5
40. Nd2 h5 41. Nf3+ Kf6 42. Nd2 hxg4 43. Kf4 g3 44. Kxg3 Kf5 45. Kf3 g5 46.
hxg5 Kxg5 47. Kg3 Kf5 48. Kf3 Ke5 49. Kg4 Nd3 50. Kf3 Kd4 51. Ke2 Nf4+ 52. Kf3
Nd3 1/2-1/2

[Event "DVM U10 2015"]
[Site "Magdeburg GER"]
[Date "2015.12.29"]
[Round "6"]
[White "Högner, Tom"]
[Black "Kogan, Gabriel"]
[Result "1-0"]
[Termination "normal"]
[Board "3.2"]
[WhiteElo "1258"]
[BlackElo "1132"]
[WhiteTeam "SC Erlangen 48/88"]
[BlackTeam "SG Porz"]
[PlyCount "85"]
[WhiteFideId "12995436"]
[BlackFideId "16238265"]
[EventCountry "GER"]
[EventRounds "7"]
[EventType "team-swiss"]
[EventDate "2015.12.27"]

1. e4 e5 2. Nf3 Nc6 3. d4 exd4 4. Nxd4 Bc5 5. Be3 Bxd4 6. Bxd4 Nxd4 7. Qxd4 Nf6
8. e5 Qe7 9. Be2 Ng8 10. O-O d6 11. exd6 Qxd6 12. Qxg7 Qf6 13. Bb5+ c6 14. Re1+
Be6 15. Qxf6 Nxf6 16. Bc4 Kd7 17. Bxe6+ fxe6 18. Nc3 Rhg8 19. Ne4 Nxe4 20. Rxe4
Rg6 21. Rd1+ Kc7 22. Red4 Rag8 23. Rd7+ Kb6 24. g3 h5 25. Rh7 Rg5 26. Re1 Rb5
27. b3 Rg6 28. Re7 Rd5 29. Re2 h4 30. c4 Rd6 31. Kf1 Rd1+ 32. Kg2 Rd6 33. Rc2
Rd8 34. c5+ Ka6 35. a4 Rh8 36. b4 h3+ 37. Kf1 Rf8 38. b5+ cxb5 39. axb5+ Kxb5
40. Rxb7+ Kc6 41. Rxa7 Rgf6 42. Ra6+ Kb5 43. Rb6+ 1-0

[Event "DVM U10 2015"]
[Site "Magdeburg GER"]
[Date "2015.12.29"]
[Round "6"]
[White "Sabirov, Rafael"]
[Black "Wu, Wilfried"]
[Result "1-0"]
[Termination "normal"]
[Board "3.3"]
[WhiteElo "1198"]
[BlackElo "1011"]
[WhiteTeam "SG Porz"]
[BlackTeam "SC Erlangen 48/88"]
[PlyCount "72"]
[WhiteFideId "16241185"]
[BlackFideId "16260775"]
[EventCountry "GER"]
[EventRounds "7"]
[EventType "team-swiss"]
[EventDate "2015.12.27"]

1. e4 e5 2. Nf3 Nc6 3. Bb5 Nf6 4. Nc3 Bc5 5. O-O d6 6. h3 Bd7 7. d3 h6 8. Bd2
a6 9. Bxc6 Bxc6 10. Qe2 Qd7 11. Rfd1 O-O-O 12. Be3 g5 13. d4 exd4 14. Nxd4 g4
15. Nxc6 Qxc6 16. Bxc5 dxc5 17. hxg4 Rd7 18. Qf3 Rhd8 19. Rxd7 Rxd7 20. Qf5 Qe6
21. Qxc5 Nxe4 22. Nxe4 Qxe4 23. Qf8+ Rd8 24. Qxf7 Qxg4 25. Re1 Qd4 26. Re7 Qd5
27. Re8 Qd6 28. Rxd8+ Kxd8 29. Qg8+ Kd7 30. Qg7+ Kc6 31. Qc3+ Kb6 32. g4 c5 33.
a3 Qg6 34. Kg2 a5 35. Kg3 Qd6+ 36. f4 Qd4 {nicht weiter nachvollziehbar} 1-0

[Event "DVM U10 2015"]
[Site "Magdeburg GER"]
[Date "2015.12.29"]
[Round "6"]
[White "Strobel, Luis"]
[Black "Nanu, Andreas-Christian"]
[Result "1-0"]
[Termination "normal"]
[Board "3.4"]
[WhiteElo "875"]
[BlackElo "1078"]
[WhiteTeam "SC Erlangen 48/88"]
[BlackTeam "SG Porz"]
[PlyCount "48"]
[BlackFideId "1240188"]
[EventCountry "GER"]
[EventRounds "7"]
[EventType "team-swiss"]
[EventDate "2015.12.27"]

1. e4 c5 2. Nf3 e6 3. Nc3 Nc6 4. Bb5 a6 5. Bxc6 dxc6 6. O-O Nf6 7. d3 Be7 8.
Bf4 O-O 9. d4 cxd4 10. Qxd4 Ng4 11. Qxd8 Rxd8 12. Rad1 Bd7 13. h3 Nf6 14. a3 b5
15. a4 b4 16. Ne2 Nxe4 17. Bc7 Rdc8 18. Rxd7 Bc5 19. Bg3 a5 20. Ne5 f6 21. Nd3
Ba7 22. c3 c5 23. cxb4 cxb4 24. Nef4 Rc2 {Nicht weiter nachvollziehbar} 1-0

[Event "DVM U10 2015"]
[Site "Magdeburg GER"]
[Date "2015.12.29"]
[Round "6"]
[White "Raasch, Hauke"]
[Black "Gutewort, Paul Emil"]
[Result "1/2-1/2"]
[Termination "normal"]
[Board "4.2"]
[WhiteElo "1171"]
[BlackElo "1122"]
[WhiteTeam "SC Eintracht Berlin"]
[BlackTeam "Sfr.Nord-Ost Berlin 1"]
[PlyCount "50"]
[WhiteFideId "16210034"]
[BlackFideId "16204182"]
[EventCountry "GER"]
[EventRounds "7"]
[EventType "team-swiss"]
[EventDate "2015.12.27"]

1. Nf3 d5 2. d4 Bg4 3. e3 e6 4. Be2 c5 5. h3 Bh5 6. c3 Nd7 7. Nbd2 c4 8. O-O
Bd6 9. e4 Ne7 10. e5 Bc7 11. Nh2 Bg6 12. Bh5 Bf5 13. Bg4 Bd3 14. Be2 Bg6 15.
Ndf3 O-O 16. Nh4 b5 17. Nxg6 Nxg6 18. f4 Ne7 19. Qe1 f5 20. Qg3 Kh8 21. Nf3 h6
22. Nh4 Qe8 23. Be3 a5 24. a3 a4 25. Kh1 Ra6 1/2-1/2

[Event "DVM U10 2015"]
[Site "Magdeburg GER"]
[Date "2015.12.29"]
[Round "6"]
[White "Beck, Felix"]
[Black "Gräbnitz, Marc-Florian"]
[Result "1/2-1/2"]
[Termination "normal"]
[Board "4.3"]
[WhiteElo "1010"]
[BlackElo "1153"]
[WhiteTeam "Sfr.Nord-Ost Berlin 1"]
[BlackTeam "SC Eintracht Berlin"]
[PlyCount "43"]
[WhiteFideId "16255364"]
[BlackFideId "16226992"]
[EventCountry "GER"]
[EventRounds "7"]
[EventType "team-swiss"]
[EventDate "2015.12.27"]

1. e4 e5 2. Nf3 Nc6 3. Bc4 Be7 4. Nc3 Nf6 5. d3 d6 6. h3 Bd7 7. Be3 Qc8 8. Qd2
Be6 9. Bb3 Qd7 10. Nd5 a6 11. Ng5 h6 12. Nxe6 fxe6 13. Nc3 d5 14. exd5 exd5 15.
d4 exd4 16. Bxd4 Nxd4 17. Qxd4 Qe6+ 18. Qe3 Qxe3+ 19. fxe3 c6 20. O-O Rd8 21.
Rad1 Bc5 22. Rd3 1/2-1/2

[Event "DVM U10 2015"]
[Site "Magdeburg GER"]
[Date "2015.12.29"]
[Round "6"]
[White "Lieger, Lucas"]
[Black "Reichmann, Felix"]
[Result "1/2-1/2"]
[Termination "normal"]
[Board "4.4"]
[WhiteElo "1239"]
[BlackElo "1093"]
[WhiteTeam "SC Eintracht Berlin"]
[BlackTeam "Sfr.Nord-Ost Berlin 1"]
[PlyCount "61"]
[WhiteFideId "16210026"]
[BlackFideId "16238290"]
[EventCountry "GER"]
[EventRounds "7"]
[EventType "team-swiss"]
[EventDate "2015.12.27"]

1. d4 c5 2. e3 cxd4 3. exd4 g6 4. Bf4 Bg7 5. Nf3 Nf6 6. Bd3 Nc6 7. c3 O-O 8.
Qe2 d6 9. Nbd2 Nd7 10. O-O e5 11. Be3 exd4 12. Nxd4 Re8 13. Qf3 Nde5 14. Qe2
Nxd4 15. Bxd4 Nc6 16. Be3 d5 17. Qf3 Ne5 18. Qe2 Ng4 19. g3 d4 20. cxd4 Bxd4
21. Rfe1 Nxe3 22. fxe3 Bxe3+ 23. Kh1 Bxd2 24. Qxd2 Bf5 25. Rxe8+ Qxe8 26. Bxf5
Qc6+ 27. Kg1 gxf5 28. Qg5+ Qg6 29. Qxg6+ fxg6 30. Kf2 Re8 31. Rd1 1/2-1/2

[Event "DVM U10 2015"]
[Site "Magdeburg GER"]
[Date "2015.12.29"]
[Round "6"]
[White "Pflugradt, Natalie"]
[Black "Hommer, Jeremy"]
[Result "0-1"]
[Termination "normal"]
[Board "5.1"]
[WhiteElo "1463"]
[BlackElo "1679"]
[WhiteTeam "SG Blau-Weiß Stadtilm 1"]
[BlackTeam "SC Turm Lüneburg"]
[PlyCount "83"]
[WhiteFideId "16212444"]
[BlackFideId "12992577"]
[EventCountry "GER"]
[EventRounds "7"]
[EventType "team-swiss"]
[EventDate "2015.12.27"]

1. e4 c6 2. Nc3 d5 3. f4 dxe4 4. Nxe4 Nf6 5. Nf2 h5 (5... b5 6. h3 Bf5 7. Nf3
h5 8. Nh4) 6. h3 Bf5 7. Nf3 h4 8. Bc4 e6 9. O-O Bd6 10. d4 Qc7 11. Ne5 Nd5 12.
Bxd5 cxd5 13. Nfd3 Nd7 14. Nxd7 Qxd7 15. Qe2 Rc8 16. c3 Qc7 17. Be3 Rg8 18.
Rac1 a6 19. b3 b5 20. Nb2 Qa5 21. Nd1 Ba3 22. b4 Qb6 23. Nb2 a5 24. bxa5 Qxa5
25. Ra1 Kd7 26. Nd3 Qxc3 27. Ne5+ Ke7 28. Bd2 Qxd4+ 29. Be3 Qb2 30. Qxb2 Bxb2
31. Rad1 Rc2 32. Nd3 Rgc8 33. Nxb2 Rxb2 34. Rc1 Rbc2 35. Rxc2 Rxc2 36. a3 Be4
37. Rf2 Rxf2 38. Bxf2 Kd6 39. Bxh4 Kc5 40. Bf2+ Kc4 41. Kf1 Bg6 42. g4 {Rest
nicht nachvollziehbar} 0-1